000 00265nam a22001217a 4500
003 SGT
100 _aGOPAAKRISHANAN,K.C
245 _aLEGAL ECONOMICS INTERACTIONAL
260 _aLUCKNOW
_bEASTERN BOOKS
_c2010
300 _a580
650 _aECONOMICS
942 _2ddc
_cBK
999 _c9584
_d9584